000 01066cam a2200205 4500
001 WB3943-06
008 031112n2003 000 0 eng u
035 _a(Sirsi) u124286
245 _aGuidelines protect environment from fuel leaks.
260 _c2003
490 _aScottish Executive News Release
_v6 November 2003 (2)
520 _aA new code of practice produced by the industry and the Scottish Environment Protection Agency (SEPA)is to offer guidance on fuel storage and protecting the environment. It is to provide good practice advice to owners and operators of fuel dispensing and storage facilities with underground or partially buried storage tanks. It will help operators comply with the requirements of the Groundwater Regulations 1998. To view the news release go to http://www.scotland.gov.uk/pages/news/2003/11/SEEN679.aspx.
590 _aWB
650 _aSCOTTISH EXECUTIVE
650 _aSCOTTISH ENVIRONMENT PROTECTION AGENCY
650 _aFUEL STORAGE
650 _aGROUNDWATER
690 _aENVIRONMENT - CONTAMINATION
942 _n0
999 _c73769
_d73769